000 00295nam a2200145Ia 4500
100 _aWhener/ H.
490 _v25
942 _cBK
654 _agalvanism
245 _aGalvanic Secondry Cells
260 _bWiley eastern
_aNew Delhi
_c1991
300 _a54
546 _aENGLISH
999 _c34336
_d34336